Transformadors estàtics
Descripción Física:
82 p. . il. ; 23 cm
Colección:
Text núm. 49a
Otros Autores:
Catalunya. Extensió d'Ensenyament Tècnic
Materias:
Transformadors elèctrics
MARC
| LEADER | 00000nam a2200000Ia 4500 | ||
|---|---|---|---|
| 001 | 7727 | ||
| 008 | 160829s9999 xx 000 0 cat d | ||
| 080 | |a C-1-489 | ||
| 245 | |a Transformadors estàtics | ||
| 260 | |a Barcelona : |b Generalitat de Catalunya, Extensió d' Ensenyament Tècnic, [s.a.] | ||
| 300 | |a 82 p. . il. ; |c 23 cm | ||
| 490 | |a Text núm. 49a | ||
| 650 | |a Transformadors elèctrics |9 20005 | ||
| 700 | |a Catalunya. Extensió d'Ensenyament Tècnic |9 20004 | ||
| 710 | 1 | |a Catalunya. |b Generalitat |9 12125 | |
| 901 | |a Arxiu | ||
| 942 | |n 1 | ||
| 952 | |0 0 |1 0 |4 0 |6 C1489 |7 1 |9 41400 |a Arxiu |b Arxiu |d 2016-12-01 |l 0 |o C-1-489 |p 7727 |r 2016-12-01 00:00:00 |w 2016-12-01 |y ARXIU | ||
| 999 | |c 43207 |d 43207 | ||